Romantic and modern : revaluations of literary tradition /

Bibliographic Details
Other Authors: Bornstein, George
Format: Book
Language:English
Published: Pittsburgh : University of Pittsburgh Press, [1977]
Subjects:

MARC

Tag First Indicator Second Indicator Subfields
LEADER 00000pam a2200000 i 4500
001 in00000478641
005 20151012165505.0
008 760928s1977 pau b 00100 eng
010 |a  76006658  
020 |a 0822933225 
035 |a (OCoLC)02524019 
035 |9 ABZ8708AM 
040 |a DLC  |c DLC  |d TXA  |d UtOrBLW 
043 |a e-uk-en  |a n-us--- 
049 |a TXAM  |c [1417061] 
050 0 0 |a PS121  |b .R6 
082 0 |a 809/.91/4 
245 0 0 |a Romantic and modern :  |b revaluations of literary tradition /  |c George Bornstein, editor. 
264 1 |a Pittsburgh :  |b University of Pittsburgh Press,  |c [1977] 
264 4 |c ©1977 
300 |a xiii, 248 pages ;  |c 24 cm. 
336 |a text  |b txt  |2 rdacontent 
337 |a unmediated  |b n  |2 rdamedia 
338 |a volume  |b nc  |2 rdacarrier 
500 |a Includes index. 
504 |a Bibliography: page 243. 
650 0 |a American literature  |y 20th century  |x History and criticism. 
650 0 |a English literature  |y 20th century  |x History and criticism. 
650 0 |a Romanticism  |z England. 
650 0 |a English literature  |y 19th century  |x History and criticism. 
700 1 |a Bornstein, George. 
999 |a MARS 
999 f f |s f16bfde8-0e42-31c5-b20c-01f3f6343bc1  |i 1fa54756-c2f8-3029-98cd-f3e5f4c2b01d  |t 0 
952 f f |p ric  |a Texas A&M University  |b Rellis Campus  |c Joint Library Facility  |d Remote Storage  |t 0  |e PS121 .R6  |h Library of Congress classification  |i unmediated -- volume  |m A14804027768 
998 f f |a PS121 .R6  |t 0  |l Remote Storage